Datum a čas kvízu
26
Celkem bodů
Celkový počet nahraných bodů na tomto kvízu bez doplňovacích otázek.
6.
Pořadí na kvízu
Konečné umístění týmu na tomto kvízu.
Zaznamenané odpovědi
| # | Otázka | Odpověď | Body | Výsledky |
|---|---|---|---|---|
| 1. | V pátek se dostala do prodeje... | vlky | 1 | |
| 2. | V jedné evropské zemi platí od... | Itálie | 0 | |
| 3. | V indické nemocnici ve městě B... | hrál na hudební nástroj (na klavír) | 1 | |
| 4. | Který maloobchodní řetězec půs... | Billa | 0 | |
| 5. | Do kterého amerického města s... | do Las Vegas | 1 | |
| 6. | Na začátek tématu a otázky si... | druhým | 1 | |
| 7. | Rozlohou třetí největší africk... | Malawi | 0 | |
| 8. | Seřaďte africké ostrovy v pořa... | 1B 2C 3A 4D | 0 | |
| 9. | Jak se jmenuje počtem obyvatel... | Lagos | 0 | |
| 10. | Afrika se trhá, od zbytku se o... | C | 1 |